书目信息 |
| 题名: |
巴菲特的投资组合
|
|
| 作者: | 哈格斯特朗 著 ;杨天南 译 | |
| 分册: | ||
| 出版信息: | 北京 机械工业出版社 2021.01 |
|
| 页数: | XIV, 230页 | |
| 开本: | 23cm | |
| 丛书名: | ||
| 单 册: | ||
| 中图分类: | F830.91 | |
| 科图分类: | ||
| 主题词: | 股票投资--gu piao tou zi--基本知识 | |
| 电子资源: | ||
| ISBN: | 978-7-111-66445-1 | |
| 000 | 01682nam0 2200313 450 | |
| 001 | 202021194496 | |
| 005 | 20211025120147.0 | |
| 010 | @a978-7-111-66445-1@dCNY59.00 | |
| 100 | @a20211005d2021 em y0chiy50 ea | |
| 101 | 1 | @achi@ceng |
| 102 | @aCN@b110000 | |
| 105 | @aa z 000yy | |
| 106 | @ar | |
| 200 | 1 | @a巴菲特的投资组合@Aba fei te de tou zi zu he@f(美) 罗伯特·哈格斯特朗著@d= The Warren Buffett portfolio@emastering the power of the focus investment strategy@fRobert G. Hagstrom@g杨天南译@zeng |
| 210 | @a北京@c机械工业出版社@d2021.01 | |
| 215 | @aXIV, 230页@c图@d23cm | |
| 300 | @a华章经典·金融投资 典藏版 | |
| 306 | @a由John Wiley & Sons公司授权出版 | |
| 312 | @a封面其他题名: 集中投资策略 | |
| 314 | @a罗伯特·哈格斯特朗, 美盛投资顾问公司首席投资策略师、董事总经理。杨天南, 北京金石致远公司CEO、基金管理人、金融投资家、财经专栏作家。 | |
| 330 | @a本书是了解巴菲特集中投资理念与思维框架的入门之作。第1-5章讨论了集中投资理论, 介绍了巴菲特对风险和市场的看法, 讲述了巴菲特投资部落超级投资家们的投资经历, 展示了巴菲特与伯克希尔-哈撒韦在业绩衡量标准上的探索以及其如何贯彻了自己的投资准则。第6-9章, 作者带我们进入与投资有关的其他领域, 探讨了巴菲特如何从概率论、心理学、复杂适应性系统的角度看待市场和投资, 能够拓宽我们对投资的认知与思维方式。 | |
| 500 | 10 | @aWarren Buffett portfolio : mastering the power of the focus investment strategy@mChinese |
| 517 | 1 | @a集中投资策略@Aji zhong tou zi ce lue |
| 606 | 0 | @a股票投资@Agu piao tou zi@x基本知识 |
| 690 | @aF830.91@v5 | |
| 701 | 1 | @a哈格斯特朗@Aha ge si te lang@g(Hagstrom, Robert G.)@4著 |
| 702 | 0 | @a杨天南@Ayang tian nan@4译 |
| 801 | 0 | @aCN@c20210909 |
| 905 | @a河南城建学院图书馆@dF830.91@eH023 | |
| 巴菲特的投资组合/(美) 罗伯特·哈格斯特朗著= The Warren Buffett portfolio:mastering the power of the focus investment strategy/Robert G. Hagstrom/杨天南译.-北京:机械工业出版社,2021.01 |
| XIV, 230页:图;23cm |
| 华章经典·金融投资 典藏版 |
| ISBN 978-7-111-66445-1:CNY59.00 |
| 本书是了解巴菲特集中投资理念与思维框架的入门之作。第1-5章讨论了集中投资理论, 介绍了巴菲特对风险和市场的看法, 讲述了巴菲特投资部落超级投资家们的投资经历, 展示了巴菲特与伯克希尔-哈撒韦在业绩衡量标准上的探索以及其如何贯彻了自己的投资准则。第6-9章, 作者带我们进入与投资有关的其他领域, 探讨了巴菲特如何从概率论、心理学、复杂适应性系统的角度看待市场和投资, 能够拓宽我们对投资的认知与思维方式。 |
| ● |
| 相关链接 |
|
|
|
正题名:巴菲特的投资组合
索取号:F830.91/H023
 
预约/预借
| 序号 | 登录号 | 条形码 | 馆藏地/架位号 | 状态 | 备注 |
| 1 | 1543649 | 215436491 | 社科库409/409社科库 53排1列2层/ [索取号:F830.91/H023] | 在馆 | |
| 2 | 1543650 | 215436507 | 社科库409/409社科库 53排1列2层/ [索取号:F830.91/H023] | 在馆 |